Vos y la discriminación.
Guardado en:
| Formato: | |
|---|---|
| Series: | Educable
|
| Materias: | |
| Etiquetas: |
Agregar Etiqueta
Sin Etiquetas, Sea el primero en etiquetar este registro!
|
| LEADER | 01028ngm a22002895g 4500 | ||
|---|---|---|---|
| 001 | CEM.cems022261 | ||
| 008 | 130507b1996##################0###0#####d | ||
| 005 | 20241015144901.0 | ||
| 245 | 0 | 0 | |a Vos y la discriminación. |
| 300 | |a 21'. | ||
| 490 | 0 | |a Educable | |
| 500 | |a En soporte VHS, consultar en ventanilla. | ||
| 505 | 0 | |a La discriminación. Racismo. Opiniones de la gente. Influencias de las constituciones inglesa y americana en la constitución argentina. La constitución y las clases sociales. La independencia argentina. | |
| 538 | |a Soporte: VHS - Norma: Pal N - Color: Si - Grabación DRD 1996 - Hitachi=4052 | ||
| 082 | 9 | 8 | |/ CON |
| 653 | |a SOCIOLOGIA | ||
| 653 | |a POLITICA | ||
| 653 | |a DISCRIMINACION | ||
| 653 | |a CONSTITUCION | ||
| 653 | |a HISTORIA ARGENTINA | ||
| 653 | |a SOCIEDAD | ||
| 653 | |a RACISMO | ||
| 653 | |a OPINION PUBLICA | ||
| 653 | |a CLASES SOCIALES | ||
| 653 | |a NIVEL PRIMARIO | ||
| 653 | |a NIVEL SECUNDARIO | ||
| 859 | |a CEMS |b BIB. CEMS - Depto. Recursos Didacticos |h 982 |i CON |k DRD |p 904.12 |t Ej.1 | ||
